000 00219nam a2200097Ia 4500
008 240331s9999 xx 000 0 und d
082 _bSOM
100 _aSomu,M
245 0 _aIlangai nattu tenaliraman kathaigal
942 _cL
999 _c3652
_d3652